000 00838nam a2200217Ia 4500
001 15419
005 20260415143514.0
008 260306t2014||||xx |||||||||||||| ||und||
041 _aESP
082 _a540
_bB84 2014
100 _aBrown, Theodore L.,
_eAUT
245 0 _aQuímica :
_bla ciencia central
260 _c2014
300 _axxxviii, 1064 páginas :
_c27 cm.
650 _aGEN
654 _aCCN
856 _uhttps://itmsp.museknowledge.com/UCSP?url=https://www.ebooks7-24.com:443/?il=971&pg=1
_zVersión digital
856 _uhttps://0u213wkp4-y-https-ebooks7--24-com.itmsp.museknowledge.com/biblioteca.aspx
_zVéase además: Base de datos Ebook7-24
856 _uhttps://0u20fwkp7-y-https-research-ebsco-com.itmsp.museknowledge.com/c/qxo6us/search
_zVéase además: Base de datos EBSCOhost
942 _cLIB
_dJUS
_fJUS
_2ddc
999 _c15419
_d15419